LEADER 01124nam0-2200361---450- 001 990009583650403321 005 20120531090056.0 010 $a88-420-8022-5 035 $a000958365 035 $aFED01000958365 035 $a(Aleph)000958365FED01 035 $a000958365 100 $a20120531d2006----km-y0itay50------ba 101 1 $aita 102 $aIT 105 $ay-------001yy 200 1 $aAl Qaeda$ei testi$fpresentati da Gilles Kepel$gtraduzione e cura di Jean-Pierre Milelli$gscritti di Osama bin Laden ... [et al.]$gintroduzioni e note di Thomas Hegghammer ... [et al.] 210 $aRoma ; Bari$cLaterza$d2006 215 $aXIV, 350 p.$d21 cm 225 1 $a<>Robinson$iLetture 610 0 $aTerrorismo$aPaesi islamici 676 $a303.6250917671$v22$zita 702 1$aKepel,$bGilles$f<1955- > 702 1$aMilelli,$bJean-Pierre 702 1$aBin Laden,$bOsama 702 1$aHegghammer,$bThomas 801 0$aIT$bUNINA$gREICAT$2UNIMARC 901 $aBK 912 $a990009583650403321 952 $aXII A 1522$b44312$fFSPBC 959 $aFSPBC 996 $aAl Qaeda$9845630 997 $aUNINA LEADER 01827oam 2200469M 450 001 9910716174803321 005 20200213070910.3 035 $a(CKB)5470000002518365 035 $a(OCoLC)1065600142 035 $a(OCoLC)995470000002518365 035 $a(EXLCZ)995470000002518365 100 $a20071213d1926 ua 0 101 0 $aeng 135 $aurcn||||||||| 181 $ctxt$2rdacontent 182 $cc$2rdamedia 183 $acr$2rdacarrier 200 10$aRefunding of certain legacy taxes. May 7, 1926. -- Committed to the Committee of the Whole House on the State of the Union and ordered to be printed 210 1$a[Washington, D.C.] :$c[U.S. Government Printing Office],$d1926. 215 $a1 online resource (4 pages) 225 1 $aHouse report / 69th Congress, 1st session. House ;$vno. 1114 225 1 $a[United States congressional serial set] ;$v[serial no. 8534] 300 $aBatch processed record: Metadata reviewed, not verified. Some fields updated by batch processes. 300 $aFDLP item number not assigned. 606 $aInheritance and transfer tax 606 $aLegislative amendments 606 $aTax refunds 606 $aAppellate courts$xRules and practice 608 $aLegislative materials.$2lcgft 615 0$aInheritance and transfer tax. 615 0$aLegislative amendments. 615 0$aTax refunds. 615 0$aAppellate courts$xRules and practice. 701 $aGraham$b George Scott$f1850-1931.$pRepublican (PA)$01386798 801 0$bWYU 801 1$bWYU 801 2$bOCLCO 801 2$bOCLCQ 906 $aBOOK 912 $a9910716174803321 996 $aRefunding of certain legacy taxes. May 7, 1926. -- Committed to the Committee of the Whole House on the State of the Union and ordered to be printed$93475924 997 $aUNINA